| 000 | 01171nam a22002057a 4500 | ||
|---|---|---|---|
| 005 | 20250303103109.0 | ||
| 010 | _aENG-143947 | ||
| 020 |
_a9789364685979 _c899.00 |
||
| 035 | _aEN-127479 | ||
| 037 | _bDBAD | ||
| 082 |
_a153.43 _21 |
||
| 100 |
_aAggarwal, RS _979094 |
||
| 245 |
_a A Modern Approach to Verbal & Non-Verbal Reasoning/ _cBy RS Aggarwal |
||
| 250 | _a1 | ||
| 260 |
_aNew Delhi _bS Chand and Company Limited _c2024 |
||
| 270 |
_a A-27, 2nd Floor, Mohan Co-operative Industrial Estate _bNew Delhi _e110044 _minfo@schandpublishing.com _k011-49731800 |
||
| 300 |
_avpp. _c27cm(pb) |
||
| 500 | _aThis revised edition of A Modern Approach to Verbal and Non-Verbal Reasoning, while retaining the key strengths and structure of the previous edition, brings to the readers latest questions from various competitive examinations as per the most recent pattern and trends. A section on recent questions (based on memory) and their answers/solutions from different competitive examinations like IBPS, SSC, Railways, Insurance, UPSC and State PSC, Management, AFCAT, SBI (PO), RBI Grade B, etc. has been added. | ||
| 942 |
_2ddc _cEN _h153.43 _mAGG _e1 |
||
| 999 |
_c209960 _d209960 |
||